Cuando los pueblos toman el destino en sus manos: América Latina y el Caribe y el camino al socialismo del siglo XXI /
Guardado en:
| Hovedforfatter: | |
|---|---|
| Format: | Texto |
| Fag: | |
| Tags: |
Tilføj Tag
Ingen Tags, Vær først til at tagge denne postø!
|
MARC
| LEADER | 00000 a a2200000 04500 | ||
|---|---|---|---|
| 001 | 11851 | ||
| 003 | |||
| 040 | |||
| 100 | |a Dierckxsens, Wim | ||
| 245 | |a Cuando los pueblos toman el destino en sus manos: |b América Latina y el Caribe y el camino al socialismo del siglo XXI / |c Wim Dierckxsens | ||
| 650 | |a SOCIALISMO | ||
| 650 | |a POLITICA | ||
| 650 | |a MOVIMIENTOS SOCIALES | ||
| 650 | |a AMERICA LATINA | ||
| 773 | |g número 132; páginas 29-43 | ||
| 999 | |c 38234 |d 38234 | ||
